| 000 | 00503nam a22001937a 4500 | ||
|---|---|---|---|
| 003 | OSt | ||
| 005 | 20140310182331.0 | ||
| 008 | 130313t xxu||||| |||| 00| 0 eng d | ||
| 020 | _a1854340883 | ||
| 050 |
_aTL 793 _b.G738 1991 |
||
| 082 |
_aGS 629.47 _bG76 1991 |
||
| 100 |
_aGraham, Ian _920999 |
||
| 245 |
_aSpace travel / _cIan Graham. |
||
| 260 |
_aNew York : _b DK, _c1991 |
||
| 300 |
_a31 p. : _bcol. ill. ; _c29 cm. |
||
| 650 |
_aSpace vehicles _921439 |
||
| 942 |
_2lcc _cBK-GS |
||
| 999 |
_c11990 _d11990 |
||